Bournemouth Airport Destinations (Bournemouth, UK) - Statistics

General Stats
  • This quiz has been taken 100 times
    25 since last reset
  • The average score is 19 of 35
Answer Stats
Airline Destination % Correct
Jet2.com/Ryanair Alicante
95%
Jet2.com/Ryanair/TUI Airways Palma de Mallorca
84%
Jet2.com/Ryanair Faro
79%
Jet2.com/Ryanair/TUI Airways Gran Canaria
79%
Jet2.com/TUI Airways Ibiza
74%
Jet2.com/TUI Airways Corfu
68%
Jet2.com/TUI Airways Kos
68%
Jet2.com/Ryanair/TUI Airways Lanzarote
68%
Ryanair Málaga
68%
Jet2.com/Ryanair/TUI Airways Rhodes
68%
Jet2.com/Ryanair Tenerife (South)
68%
Jet2.com/TUI Airways Zakynthos
68%
Ryanair Edinburgh
63%
easyJet Geneva
63%
Jet2.com/TUI Airways Heraklion
63%
TUI Airways Paphos
63%
Jet2.com/Ryanair Fuerteventura
58%
Jet2.com Funchal
58%
Jet2.com/TUI Airways Menorca
58%
Jet2.com/TUI Airways Antalya
53%
Ryanair Chania
53%
Ryanair Malta
53%
Ryanair Zadar
53%
Ryanair Girona
47%
TUI Airways Larnaca
47%
TUI Airways Kefalonia
42%
Ryanair Kraków
42%
Jet2.com Agadir
37%
Jet2.com/TUI Airways Dalaman
37%
easyJet Lyon
32%
Ryanair Murcia
32%
Ryanair Wrocław
26%
Ryanair Bergerac
21%
Ryanair Trapani
16%
Ryanair Carcassonne
11%
No matching quizzes found
Score Distribution
Percent of People with Each Score
Percentile by Number Answered
Your Score History
You have not taken this quiz since the last reset